<La> Stimulation de la migration internationale des travailleurs hautement qualifiés dans le contexte de la croissance économique durable dans ľ UE

Problematika medzinárodnej migrácie vysoko kvalifikovanej pracovnej sily v kontexte udržateľného ekonomického rastu v krajinách Európskej únie. Zastúpenie profesií imigrantov na trhu práce v EÚ (2000-2010). Indikátory aktívnej pracovnej sily vo veku od 20 do 64 rokov v EÚ28. Návrhy na lepšie riadeni...

Full description

Saved in:
Bibliographic Details
Main Author: Přívarová, Magdaléna, 1955-
Other Authors: Přívara, Andrej, 1983-
Format: Book Chapter
Language:French
Subjects:
Tags: Add Tag
No Tags, Be the first to tag this record!

MARC

LEADER 00000naa$a2200000$$$4500
001 0226902
005 20240712103952.9
041 0 |a fre 
044 |a PL 
245 1 0 |a <La> Stimulation de la migration internationale des travailleurs hautement qualifiés dans le contexte de la croissance économique durable dans ľ UE  |c Magdaléna Přívarová, Andrej Přívara 
520 |a Problematika medzinárodnej migrácie vysoko kvalifikovanej pracovnej sily v kontexte udržateľného ekonomického rastu v krajinách Európskej únie. Zastúpenie profesií imigrantov na trhu práce v EÚ (2000-2010). Indikátory aktívnej pracovnej sily vo veku od 20 do 64 rokov v EÚ28. Návrhy na lepšie riadenie migrácie vysoko kvalifikovanej pracovnej sily. 
610 2 0 |a pohyb síl pracovných medzinárodný 
610 2 0 |a migrácia 
610 2 0 |a vzdelanie 
610 2 0 |a kvalifikácia 
610 2 0 |a sily pracovné 
610 2 0 |a rozvoj trvalo udržateľný 
610 2 0 |a Európska únia 
100 1 |a Přívarová, Magdaléna, 1955- 
700 1 |a Přívara, Andrej, 1983-